01143nam a2200193Ia 4500001001100000003001000011008004100021040002500062041001300087100004400100245002100144250001100165260009200176300001200268500026200280501011400542520026200656650003100918L922-41432IT-CnALBA170116s9999||||xx |||||||||||||| ||und|| aIT-CnALBAcIT-CnALBA aITALIANO aPAGLIALUNGA ALESSANDRO, MONS. CANONICO. 0aLORENZO PEROSI.  a1a ed. aCINISELLO BALSAMO (MI)bEDIZIONI PAOLINEc1952 [1° Ed.:1952 - Ed.Ling.Originale: 1952] a408 p.  aPRELUDIO. RICORDO DI GIOVENTÙ. MONTECASSINO. IL MAESTRO DI PEROSI. LE LETTERE GERMANICHE. IMOLA. ITINERARIO GREGORIANO. MAESTRO ALLA MARCIANA. MELODIE SACRE. SERENATA VENEZIANA. IL COENA DOMINI. IL PRIMO ORATORIO. LA TRASFIGURAZIONE. LA RISURREZIONE DI LA aSocietà San Paolo EM - Piazza San Paolo, 14 - 12051 ALBA (CN) (non commercial uses only) ® Copyright 2017 aPRELUDIO. RICORDO DI GIOVENTÙ. MONTECASSINO. IL MAESTRO DI PEROSI. LE LETTERE GERMANICHE. IMOLA. ITINERARIO GREGORIANO. MAESTRO ALLA MARCIANA. MELODIE SACRE. SERENATA VENEZIANA. IL COENA DOMINI. IL PRIMO ORATORIO. LA TRASFIGURAZIONE. LA RISURREZIONE DI LA aBIOGRAFIE, UOMINI ILLUSTRI